Personnages d'Un Gars Une Fille (Version Française) - Statistiques

Statistiques générales
  • Ce quiz a été pris 347 fois
  • Le résultat moyen est 7 sur 14
Statistiques - réponses
Réponse % Correct
Jean
100%
Alexandra
99%
Jeanette
76%
Roger
69%
La Belle-Mère
64%
Jean-Mi
63%
Isabelle
62%
Daniel
43%
Raymond/Le Père de Jean
37%
Pierre Cyril
23%
Mélanie
21%
Didier
8%
Ghislaine
7%
Suzanne
7%
Aucun quiz correspondant
Distribution des résultats
% des personnes avec chaque résultat
Percentile par nombre de réponses
Votre historique - résultats
Vous n’avez pas pris ce quiz